000 003960000a22001570004500
020 _a84-7530-164-9
041 0 _aSPA
082 0 4 _aG 820.415 B3965j
100 1 _aBeckett, Samuel (1906-)
245 1 0 _aEl innombrable / Samuel Beckett; R. Santos Torroella, Traductor
260 _a[S.L] : Orbis
300 _a191 Pag
500 _aTitulo original : L'innommable
001 10876
942 _cBK
999 _c40296
_d40296